| 000 -LEADER |
| fixed length control field |
01321cam a2200313 a 4500 |
| 001 - CONTROL NUMBER |
| control field |
16163023 |
| 005 - DATE AND TIME OF LATEST TRANSACTION |
| control field |
20190306020054.0 |
| 008 - FIXED-LENGTH DATA ELEMENTS--GENERAL INFORMATION |
| fixed length control field |
100330s2010 njua b 001 0 eng |
| 010 ## - LIBRARY OF CONGRESS CONTROL NUMBER |
| LC control number |
2010290915 |
| 020 ## - INTERNATIONAL STANDARD BOOK NUMBER |
| International Standard Book Number |
9780470118573 |
| 040 ## - CATALOGING SOURCE |
| Original cataloging agency |
DLC |
| Transcribing agency |
DLC |
| Modifying agency |
DLC |
| 050 00 - LIBRARY OF CONGRESS CALL NUMBER |
| Classification number |
GE70 |
| Item number |
.R38 2010 |
| 100 1# - MAIN ENTRY--PERSONAL NAME |
| Personal name |
Raven, Peter H. |
| 245 10 - TITLE STATEMENT |
| Title |
Environment / |
| Statement of responsibility, etc. |
Peter H. Raven, Linda R. Berg, David M. Hassenzahl. |
| 250 ## - EDITION STATEMENT |
| Edition statement |
7th ed. |
| 260 ## - PUBLICATION, DISTRIBUTION, ETC. (IMPRINT) |
| Place of publication, distribution, etc. |
Hoboken, N.J. : |
| Name of publisher, distributor, etc. |
J. Wiley & Sons, c2010. |
| 300 ## - PHYSICAL DESCRIPTION |
| Extent |
xx, 589, A1-12, G1-16, T1-2, I1-16 p. : |
| Other physical details |
ill. (some col.) ; |
| Dimensions |
26 cm. |
| 500 ## - GENERAL NOTE |
| General note |
Fold-out data sheet inserted. |
| 504 ## - BIBLIOGRAPHY, ETC. NOTE |
| Bibliography, etc |
Includes bibliographical references and index. |
| 650 #0 - SUBJECT ADDED ENTRY--TOPICAL TERM |
| Topical term or geographic name as entry element |
Environmental education. |
| 650 #0 - SUBJECT ADDED ENTRY--TOPICAL TERM |
| Topical term or geographic name as entry element |
Environmental policy. |
| 650 #0 - SUBJECT ADDED ENTRY--TOPICAL TERM |
| Topical term or geographic name as entry element |
Conservation of natural resources. |
| 700 1# - ADDED ENTRY--PERSONAL NAME |
| Personal name |
Berg, Linda R. |
| 700 1# - ADDED ENTRY--PERSONAL NAME |
| Personal name |
Hassenzahl, David M. |
| 856 42 - ELECTRONIC LOCATION AND ACCESS |
| Materials specified |
Publisher description |
| Uniform Resource Identifier |
<a href="http://www.loc.gov/catdir/enhancements/fy1008/2010290915-d.html">http://www.loc.gov/catdir/enhancements/fy1008/2010290915-d.html</a> |
| 856 41 - ELECTRONIC LOCATION AND ACCESS |
| Materials specified |
Table of contents only |
| Uniform Resource Identifier |
<a href="http://www.loc.gov/catdir/enhancements/fy1008/2010290915-t.html">http://www.loc.gov/catdir/enhancements/fy1008/2010290915-t.html</a> |
| 942 ## - ADDED ENTRY ELEMENTS (KOHA) |
| Source of classification or shelving scheme |
|
| Koha item type |
Hard Covered Materials |
| Classification part |
GE70 .R38 2010 |
| Koha issues (borrowed), all copies |
5 |